LEADER 00903nam0 2200265 450 001 000017497 005 20081014102654.0 010 $a88-256-1071-8 100 $a20081014d1996----km-y0itay50------ba 101 1 $aita$ceng 102 $aIT 105 $aa-------001yy 200 1 $aInternet$ecorso pratico$fJoe Kraynak ... [et al.] 210 $aBresso$cJackson libri$dc1996 215 $aXIV, 498 p.$cill.$d26 cm 300 $aTrad. di Elena Caldirola 454 0$12001$a<>big basic book of the Internet$956743 610 1 $aInternet 676 $a004.67$v20$9Elaborazione dei dati, scienza degli elaboratori, informatica. Interfacciamento e comunicazioni. Reti estese. 702 1$aKraynak,$bJoe 801 0$aIT$bUNIPARTHENOPE$c20081014$gRICA$2UNIMARC 912 $a000017497 951 $aM 004.67/4$bM s.i.$cDSA$d2008 996 $aBig basic book of the Internet$956743 997 $aUNIPARTHENOPE LEADER 01154nam 2200373 450 001 9910169196503321 005 20221019103050.0 010 $a953-51-4898-2 010 $a953-51-2968-6 035 $a(CKB)3710000001157208 035 $a(NjHacI)993710000001157208 035 $a(EXLCZ)993710000001157208 100 $a20221019d2017 uy 0 101 0 $aeng 135 $aur||||||||||| 181 $ctxt$2rdacontent 182 $cc$2rdamedia 183 $acr$2rdacarrier 200 00$aAngiography and Endovascular Therapy for Peripheral Artery Disease /$fedited by Yoshiaki Yokoi, Keisuke Fukuda and others 210 1$aCroatia :$cIntechOpen,$d2017. 215 $a1 online resource (58 pages) $cillustrations 311 $a953-51-2967-8 320 $aIncludes bibliographical references. 606 $aAngiography 615 0$aAngiography. 676 $a616.1307572 702 $aYokoi$b Yoshiaki 702 $aFukuda$b Keisuke 801 0$bNjHacI 801 1$bNjHacl 906 $aBOOK 912 $a9910169196503321 996 $aAngiography and Endovascular Therapy for Peripheral Artery Disease$92033708 997 $aUNINA